Risultati dell'Inter in UEFA Europa League 2014-2015 - Statistics

Statistiche generali
  • Questo quiz è stato fatto 6 volte
  • Il punteggio medio è 3 su 10
Statistiche sulle risposte
Hint Risposta % Corretto
Dnipro - Inter 0-1
67%
Saint-Étienne - Inter 1-1
67%
Inter - Wolfsburg 1-2
33%
Inter - Qarabağ 2-0
33%
Inter - Dnirpo 2-1
33%
Inter - Saint-Étienne 0-0
17%
Inter - Celtic 1-0
17%
Wolfsburg - Inter 3-1
17%
Celtic - Inter 3-3
17%
Qarabağ - Inter 0-0
0%
Nessun quiz corrispondente trovato
Distribuzione punteggi
Percentuale di utenti per punteggio
Percentile per numero di risposta
I tuoi punteggi nel tempo
Non hai fatto questo quiz